000 00780nam a2200205 a 4500
001 000231949
003 AM-YeHGA
005 20250617124601.0
008 030605s1992 ||| r ||| 0 rus d
020 _a570500365X
040 _aAM-YeHGA
100 1 _aМаковский, Виталий Анатольевич
245 1 0 _aТекстовый процессор ЛЕКСИКОН /
_cВ.А. Маковский, В.И. Похлебаев.
260 _aМосква :
_bИзд-во стандартов,
_c1992.
300 _a32 с.
440 0 _aЯ работаю на персональном компьютере
_vВып. 4
650 1 4 _aПерсональные компьютеры
700 1 _aПохлебаев, Валерий Иосифович
090 _c83056
999 _c81788
_d81788